Loading...
| Other - Pop Culture | 2 | 1 | 1 | 0 | 35 | 37 | 62.00 | 1 | 3 |
| Other - Other Academic | 0 | 2 | 0 | 0 | 20 | 89 | 114.50 | 1 | 1 |
| Arts - Painting | 0 | 2 | 0 | 1 | 20 | 83 | 93.50 | 0 | 1 |
| Science - Chemistry | 0 | 3 | 2 | 0 | 20 | 103 | 111.67 | 1 | 2 |
| Thought - Social Science | 1 | 0 | 0 | 0 | 15 | 57 | 57.00 | 1 | 1 |
| Science - Biology | 0 | 2 | 1 | 1 | 15 | 100 | 102.00 | 1 | 2 |
| Literature - British Lit | 0 | 1 | 0 | 0 | 10 | 121 | 121.00 | 0 | 0 |
| History - World History | 0 | 1 | 0 | 0 | 10 | 84 | 84.00 | 0 | 1 |
| History - American History | 0 | 1 | 0 | 0 | 10 | 88 | 88.00 | 1 | 1 |
| Arts - Other Arts | 0 | 1 | 0 | 1 | 10 | 127 | 127.00 | 0 | 0 |
| Beliefs - Mythology | 0 | 1 | 0 | 0 | 10 | 96 | 96.00 | 0 | 1 |
| Science - Other Science | 0 | 1 | 0 | 1 | 10 | 126 | 126.00 | 0 | 0 |
| Literature - World Lit | 0 | 1 | 0 | 1 | 10 | 124 | 124.00 | 0 | 0 |
| Science - Engineering | 0 | 0 | 1 | 0 | -5 | 0.00 | 0 | 0 | |
| Thought - Philosophy | 0 | 0 | 1 | 0 | -5 | 0.00 | 0 | 0 |